000 00916nam a22001817a 4500
999 _c63413
_d63413
003 Ge_BSU
005 20251002212430.0
008 251002s1976 ge ||||| |||| 00| 0 geo d
041 _ageo
080 _a821.353.1-4 : 087.5 : 615.1 : 329 + 321 ს-25
100 _aსანადირაძე, გიორგი
_92043
245 _aრა რჩება ჩვენს შემდეგ... :
_b[ქართველები ბაიკალ-ამურის მშენებლობაზე] /
_c გიორგი სანადირაძე.
264 _aთბილისი :
_bნაკადული,
_c1976.
300 _a147 გვ. :
_bილ. ;
_c16 სმ.
653 _aბაიკალ-ამურის მაგისტრალის მშენებლობა
653 _aსაბჭოთა პატრიოტიზმი.
942 _2udc
_cᲬᲘᲒᲜᲘ